Asset pricing
Saved in:
| Main Author: | |
|---|---|
| Format: | Book |
| Language: | English |
| Published: |
Princeton : Oxford :
Princeton University Press,
c2001
|
| Subjects: | |
| Tags: |
Add Tag
No Tags, Be the first to tag this record!
|
MARC
| LEADER | 00000nam a2200000 i 4500 | ||
|---|---|---|---|
| 001 | 1/74191 | ||
| 008 | 050323s2001 eng d | ||
| 020 | |a 0-691-07498-4 (hbk.) | ||
| 035 | |l 10077310 | ||
| 040 | |a GR-MY-UA |b gre |e aacr | ||
| 041 | 0 | |a eng | |
| 082 | 0 | |a 332.6 |2 (21) | |
| 100 | 1 | |a Cochrane, John H. |q (John Howland) | |
| 245 | 1 | 0 | |a Asset pricing / |c John H. Cochrane |
| 260 | |a Princeton : |a Oxford : |b Princeton University Press, |c c2001 | ||
| 300 | |a xvii, 530 σ.; |b σχ.; |c 24 εκ. | ||
| 504 | |a Περιλαμβάνει βιβλιογραφικές αναφορές και ευρετήριο | ||
| 650 | 0 | 0 | |a Capital assets pricing model. |
| 650 | 0 | 0 | |a Securities. |
| 852 | |a INST |b CHIOS |e 20050323 |h 332.6 COC |p 005200021849 |q 005200021849 |t BK |y 0 | ||
| 901 | |a BIBL2-2005-1 | ||
| 909 | |a Χ |b 113019 | ||
| 920 | |a ΔΙΕΥΡΥΝΣΗ |b ΕΠΕΑΕΚ-ΤΜΟΔ |y ΧΙΟΣ |z 2004-12 | ||
| 970 | |a ΣΑΛΑΜΟΥΡΑ |b ΜΑΡΙΑ |z 2005/03/23 | ||